[Event "Aimchess US Rapid Prelims 2021"]
[Site "Chess24"]
[Date "2021.08.25"]
[Round "15.7"]
[White "Hansen, Eric"]
[Black "Mamedyarov, Shakhriyar"]
[Result "1/2-1/2"]
[WhiteElo "2606"]
[BlackElo "2782"]
[Annotator "TA"]
[PlyCount "63"]
[EventDate "2021.08.28"]
[EventType "tourn"]
[EventCountry "NET"]
[Tiebreak "Direct encounter+Number of wins+Koya"]
[SourceTitle "playchess.com"]
[Source "ChessBase"]
[SourceQuality "1"]

{[%evp 9,63,8,26,0,8,-4,34,26,22,17,7,13,11,12,13,16,12,26,39,44,34,22,49,7,15,
4,32,25,54,52,44,39,54,49,36,31,75,52,83,22,22,20,25,13,18,18,53,0,0,0,12,0,0,
0,14,0]} 1. e4 e5 2. Nf3 Nc6 3. Bb5 Nf6 4. d3 Bc5 5. c3 d5 6. exd5 {C65: Ruy
Lopez: Berlin Defence (3...Nf6), unusual lines and 4 0-0 Bc5.} Qxd5 7. Bc4 Qd8
(7... Qd6 {is more complex.} 8. O-O Bb6 9. Nbd2 Bf5 10. Qe2 O-O) 8. Nbd2 {
White is slightly better.} O-O {[#]} 9. Qe2 $146 ({Predecessor:} 9. b4 Bd6 10.
O-O h6 11. Re1 Re8 12. a4 a6 13. Ne4 Nxe4 14. dxe4 Qf6 15. Be3 {1-0 (60) So,W 
(2789)-Anand,V (2775) Leuven 2017}) 9... h6 10. O-O Re8 11. Ne4 Bb6 12. a4 a5
13. Be3 Bxe3 14. Nxf6+ Qxf6 15. fxe3 Qe7 16. Nd2 Be6 17. d4 {[#] Black must
now prevent d5.} Rad8 18. Bb5 exd4 19. exd4 Bd5 20. Qf2 Qg5 21. Rae1 {Hoping
for Rxe8+.} Rxe1 22. Rxe1 Nb8 {[%cal Bc6b8,Bb8d7,Bd7f8][%mdl 32]} 23. Ne4 Qg6
24. Bd3 (24. Qf4 $16) 24... Nd7 $11 25. Qh4 Rc8 26. Qe7 Nf8 27. Re2 Qc6 {
Strongly threatening ...Ng6.} 28. Nc5 (28. Bb5 $14 Qe6 29. Nd2 Qxe7 30. Rxe7)
28... b6 {The position is equal.} 29. Bb5 Qg6 {[#]} 30. Bd3 $1 Qc6 31. Bb5 Qg6
32. Bd3 {Weighted Error Value: White=0.11/Black=0.11} 1/2-1/2

[Event "Aimchess US Rapid Prelims 2021"]
[Site "Chess24"]
[Date "2021.08.25"]
[Round "15.8"]
[White "Vachier-Lagrave, Maxime"]
[Black "Dominguez Perez, Leinier"]
[Result "1/2-1/2"]
[WhiteElo "2751"]
[BlackElo "2758"]
[Annotator "TA"]
[PlyCount "132"]
[EventDate "2021.08.28"]
[EventType "tourn"]
[EventCountry "NET"]
[Tiebreak "Direct encounter+Number of wins+Koya"]
[SourceTitle "playchess.com"]
[Source "ChessBase"]
[SourceQuality "1"]

{[%evp 14,132,14,0,14,0,0,0,0,-6,0,0,28,29,21,27,31,0,0,0,0,0,0,0,0,0,0,0,0,0,
0,0,0,0,0,0,0,0,0,0,0,0,0,0,0,-15,-8,-8,-7,-8,0,-13,0,0,0,0,0,-11,0,0,0,0,0,0,
0,0,0,0,0,0,0,0,0,0,0,0,0,0,0,0,0,0,0,0,0,0,0,0,0,0,0,0,0,0,0,0,0,0,0,0,0,0,0,
0,0,0,0,0,0,0,0,0,0,0,0,0,0,0,0,0,0]} 1. e4 e5 2. Nf3 Nf6 3. d4 Nxe4 4. Bd3 d5
5. Nxe5 Nd7 6. Nc3 Nxc3 7. bxc3 Nxe5 8. dxe5 Bc5 {C43: Petroff Defence: 3 d4.}
9. O-O $1 {The main line 9.0-0 scores better than 9.Qh5.} O-O 10. Qh5 {[%csl
Gd3][%cal Rh5h7] [#]} g6 $1 {[%cal Rg6h5]} 11. Qh6 Re8 12. Bg5 Bf8 13. Bxd8
Bxh6 14. Bxc7 Bf5 15. Rab1 {[#]} Bxd3 $146 {The position is equal.} ({
Predecessor:} 15... Rac8 16. Bb5 Re6 17. Bd6 Rxc3 18. Bd7 Rxd6 19. exd6 Bxd7
20. Rxb7 Be6 21. d7 Bg5 {1/2-1/2 (31) Fier,A (2569)-Vidit,S (2726) Krasnaya
Polyana 2021}) 16. cxd3 Rac8 17. Bd6 ({Avoid the trap} 17. Rxb7 $2 Re7 $19)
17... b6 18. Rb5 Rxc3 19. Rxd5 Rd8 20. f4 Bf8 21. Kf2 Rc6 22. Ke3 Bxd6 23. Rxd6
Rcxd6 24. exd6 Rxd6 $11 {[%mdl 4096] Endgame KR-KR} 25. Rc1 Re6+ 26. Kd2 Kf8
27. g3 b5 28. Rc8+ Kg7 29. d4 Ra6 30. d5 Rxa2+ 31. Kc3 Ra1 {[#] ...Rc1+ is the
strong threat.} ({Don't blunder} 31... Rxh2 $2 32. d6 $18) 32. Kd4 Rd1+ 33. Ke5
b4 (33... a5 {with more complications.} 34. Rb8 a4 35. Rxb5 a3 36. Ra5 Ra1) 34.
Rb8 a5 35. Rb5 Rd2 36. d6 h5 37. Rxa5 {And now Rb5 would win.} b3 38. Rb5 b2
39. h3 $1 Kg8 40. Rb8+ Kg7 41. g4 hxg4 42. hxg4 Re2+ 43. Kd5 Rd2+ 44. Kc6 Rc2+
45. Kd7 Rd2 46. Ke7 Re2+ 47. Kd8 Rd2 48. d7 Rc2 49. Rb6 Rd2 50. f5 (50. Kc7 {
seems wilder.} Rc2+ 51. Kd6 Rd2+ 52. Ke5 Rxd7 53. Rxb2 Re7+ 54. Kd5) 50... gxf5
51. gxf5 Rc2 52. f6+ Kg6 $1 53. Rb3 Kxf6 54. Ke8 Re2+ 55. Kf8 Rd2 56. Rb6+ Ke5
57. Ke7 f5 58. Rxb2 Rxd7+ 59. Kxd7 {KR-KP} f4 60. Re2+ (60. Kc6 {feels hotter.}
f3 61. Kc5 Ke4 62. Kb4 Ke3 63. Rb3+) 60... Kd4 61. Ke6 (61. Re8 {looks sharper.
} f3 62. Rf8 Ke3 63. Rf5 f2 64. Kd8) 61... f3 62. Ra2 (62. Rb2 {is more
complex.} Ke4 63. Kd6 Kf4 64. Kc5 Kg3 65. Rb1) 62... Ke3 63. Ke5 f2 64. Ra1 Ke2
65. Ke4 f1=Q 66. Rxf1 Kxf1 {An uneventful encounter.  Weighted Error Value:
White=0.02/Black=0.01} 1/2-1/2